000 00636nam a22002057a 4500
005 20241204120130.0
010 _a ENG-142784
020 _a9789355326447
_c545.00
035 _aEN-126316
037 _bDBAD
082 _a000
_21
100 _aYadav, Jitin
_974655
245 _aEthics/
_cby Jitin Yadav
250 _a1
260 _aChennai
_bMcGraw Hill Education Private Ltd
_c2024
270 _aAnjana Complex No. 5/90 A, Butt Road, St Thomas Mount
_bChennai
_e600016
300 _axvi,536p.
_c24cm(pb)
_bIndex
500 _aFr Civil Services and Other State PCS Examination
942 _2ddc
_cEN
_mYAD
_h000
_e1
999 _c207395
_d207395